| 000 | 00714 a2200229 4500 | ||
|---|---|---|---|
| 005 | 20260316092929.0 | ||
| 020 | _a9781446208601 | ||
| 050 | 0 | 0 |
_aHV40 _bGRA 2013 |
| 245 | 0 | 0 |
_aSocial work theories and methods / _c[edited by] Mel Gray and Stephen A.WEBB |
| 250 | _aSecond Edition. | ||
| 264 | 1 |
_aNew Delhi : _bSage Publications, _c2013 |
|
| 300 |
_a304 pages. _billustrations |
||
| 336 |
_atext _btxt _2rdacontent |
||
| 337 |
_aunmediated _bn _2rdamedia |
||
| 338 |
_avolume _bnc _2rdacarrier |
||
| 500 | _aIncludes index. | ||
| 650 | 0 | _aSocial service. | |
| 650 | 0 |
_aSocial service _xPhilosophy. |
|
| 700 | 1 |
_aGray.Mel _eeditor. |
|
| 700 | 1 |
_aWebb,Stephen A _eeditor. |
|
| 942 |
_2lcc _cBK _esecond _h40 _iGRA _kHV |
||
| 999 |
_c11710 _d11710 |
||